[Event ""]
[Site ""]
[Date "????.??.??"]
[Round "6"]
[White "Øêàëîâ Îëåã"]
[Black "Îêðóãèí Ñåðãåé"]
[Result "1/2-1/2"]
[WhiteElo "2222"]
[BlackElo "2354"]
[Annotator ""]
[Source ""]
[Remark ""]

1.d4 Nf6 2.c4 e6 3.Nc3 Bb4 4.f3 d5 5.a3 Be7 6.e3 b6 7.b3 O-O
8.Bd3 c5 9.cxd5 Nxd5 10.Nxd5 exd5 11.Ne2 Bh4+ 12.g3 Bf6 13.O-O
Ba6 14.Ra2 Re8 15.Rc2 Qd6 16.Bxa6 Nxa6 17.Qd3 Nc7 18.dxc5 bxc5
19.e4 Qa6 20.Qxa6 Nxa6 21.exd5 Rab8 22.Rd1 Rxb3 23.Kf2 h6 24.Rc4
Rd8 25.h4 Be5 26.Re4 Bb8 27.h5 Nc7 28.Rg4 Kh7 29.Rc4 Rxd5 30.Rxd5
Nxd5 31.Rxc5 Nf6 32.Ra5 Bc7 33.Rf5 Bb6+ 34.Ke1 Nd7 35.Rxf7 Ne5
36.Rf5 Nxf3+ 37.Kf1 Rd3 38.a4 Rd1+ 39.Kg2 Ne1+ 40.Kh2 Nd3 41.Bf4
Ra1 42.Nc3 Ra3 43.Nd5 Ra2+ 44.Kh3 Bd4 45.a5 g5 46.hxg6+ Kxg6
47.Ne7+ Kg7 48.Rd5 Nxf4+ 49.gxf4 Bc3 1/2-1/2

[Event ""]
[Site ""]
[Date "????.??.??"]
[Round "6"]
[White "Ñîêîëîâ Èãîðü"]
[Black "Êîçûðåâ Ñåðãåé"]
[Result "1/2-1/2"]
[WhiteElo "2281"]
[BlackElo "2135"]
[Annotator ""]
[Source ""]
[Remark ""]

1.d4 d5 2.c4 c6 3.Nf3 Nf6 4.Nc3 e6 5.Bg5 Be7 6.e3 Nbd7 7.Rc1
O-O 8.Bd3 b6 9.O-O Bb7 10.cxd5 exd5 11.Qc2 g6 12.Rfd1 Re8 13.Bf4
Nh5 14.Be5 Nxe5 15.dxe5 Ng7 16.e4 d4 17.Bc4 c5 18.b4 Qc8 19.Nd5
Ne6 20.Qd2 Qd8 21.Nxe7+ Qxe7 22.Bxe6 fxe6 23.bxc5 bxc5 24.Qe2
a5 25.Nd2 Ba6 26.Qg4 Rac8 27.Nc4 Bxc4 28.Rxc4 Qb7 29.h4 Qa6 30.Rcc1
Kh8 31.h5 gxh5 32.Qxh5 Re7 33.Qg5 Rg7 34.Qf6 Kg8 35.Rd2 Rf7 36.Qg5+
Kh8 37.Qh5 Rg7 38.Qh6 Rg6 39.Qh4 Qb7 40.Rdc2 Qg7 41.Rxc5 Rxg2+
42.Kf1 Rg1+ 43.Ke2 Rxc1 44.Rxc1 d3+ 45.Kd2 Rxc1 46.Qd8+ Qg8 47.Qf6+
Qg7 48.Qd8+ 1/2-1/2

[Event ""]
[Site ""]
[Date "????.??.??"]
[Round "6"]
[White "Èëþøêèí Åâãåíèé"]
[Black "Óðàåâ Èâàí"]
[Result "1-0"]
[WhiteElo "2351"]
[BlackElo "2150"]
[Annotator ""]
[Source ""]
[Remark ""]

1.c4 Nf6 2.Nc3 g6 3.d4 Bg7 4.d5 d6 5.g3 e5 6.Bg2 O-O 7.e4 Ne8
8.Nge2 f5 9.O-O Nf6 10.Qc2 a5 11.f3 Na6 12.Be3 Nc5 13.b3 b6 14.a3
fxe4 15.fxe4 a4 16.Nxa4 Nxa4 17.bxa4 Bd7 18.Nc3 Ng4 19.Bd2 Bh6
20.Bxh6 Nxh6 21.Rxf8+ Qxf8 22.Nb5 Qe7 23.Qd2 Nf7 24.Nxc7 Rxa4
25.Qc2 Qg5 26.Qb3 Qd2 27.Ne6 Bxe6 28.Rd1 Rxa3 29.dxe6 Ng5 30.e7 1-0

[Event ""]
[Site ""]
[Date "????.??.??"]
[Round "6"]
[White "Ãàíè÷åâ Àëåêñàíäð"]
[Black "Òóìàêîâ Äìèòðèé"]
[Result "0-1"]
[WhiteElo "2154"]
[BlackElo "2312"]
[Annotator ""]
[Source ""]
[Remark ""]

1.e4 c5 2.Nf3 Nc6 3.d4 cxd4 4.Nxd4 e5 5.Nb5 d6 6.N1c3 a6 7.Na3
b5 8.Nd5 Nf6 9.Bg5 Be7 10.Nxe7 Nxe7 11.Bxf6 gxf6 12.Qd2 Bb7 13.O-O-O
Bxe4 14.Qxd6 Qxd6 15.Rxd6 Nc6 16.f3 Ke7 17.Rd1 Bg6 18.Bd3 Rac8
19.Kb1 Rhd8 20.Bxg6 fxg6 21.c3 b4 22.cxb4 Nxb4 23.Rxd8 Rxd8 24.Nc2
Nd5 25.g3 Nb6 26.Nb4 Rd2 27.Nxa6 Na4 28.Ka1 Nxb2 29.Nc5 f5 30.h4
Kd6 31.Nb3 Rf2 32.f4 e4 33.h5 e3 34.hxg6 hxg6 35.Re1 Nc4 36.Kb1
Kd5 37.Na1 Na3+ 38.Kc1 Ke4 0-1

[Event ""]
[Site ""]
[Date "????.??.??"]
[Round "6"]
[White "Áûêîâ Åâãåíèé"]
[Black "Îñîáëèâûé Ãðèãîðèé"]
[Result "0-1"]
[WhiteElo "2073"]
[BlackElo "2282"]
[Annotator ""]
[Source ""]
[Remark ""]

1.e4 e6 2.d4 d5 3.Nc3 Bb4 4.e5 c5 5.a3 Bxc3+ 6.bxc3 Ne7 7.Qg4
Kf8 8.a4 Qa5 9.Bd2 Nbc6 10.Nf3 Bd7 11.h4 Rc8 12.h5 h6 13.Be2
Nf5 14.Qf4 Qb6 15.g4 Nfe7 16.O-O Qc7 17.Rfb1 c4 18.Nh4 b6 19.Qg3
f5 20.g5 hxg5 21.Qxg5 Be8 22.Ng2 Bf7 23.Nf4 Ke8 24.Kf1 Rh7 25.Bf3
Kd7 26.Be3 Rg8 27.Ke2 Kc8 28.Rg1 Qd7 29.Bc1 Kb8 30.Ba3 Nc8 31.Rg3
Rhh8 32.Kd2 a5 33.Qh4 Nd8 34.Rg5 Ka7 35.Qg3 Rh7 36.Bb2 Ne7 37.Ba3
Nc8 38.Bb2 Be8 39.Qg2 Nf7 40.Rg6 Nd8 41.Nxe6 Nxe6 42.Rxe6 Qxe6
43.Bxd5 Qh6+ 44.Ke1 Rf8 0-1

[Event ""]
[Site ""]
[Date "????.??.??"]
[Round "6"]
[White "Ïóòåíèõèí Îëåã"]
[Black "Ñàìîéëîâ Àíòîí"]
[Result "0-1"]
[WhiteElo "2061"]
[BlackElo "2258"]
[Annotator ""]
[Source ""]
[Remark ""]

1.c4 g6 2.Nc3 Bg7 3.g3 c5 4.Bg2 Nc6 5.Nf3 Nh6 6.O-O O-O 7.b3
Nf5 8.Bb2 a6 9.Qc1 d6 10.e3 Rb8 11.g4 Nh6 12.h3 e6 13.Ne2 e5
14.d4 f5 15.g5 Nf7 16.dxe5 dxe5 17.Rd1 Qe7 18.h4 Be6 19.Ne1 f4
20.exf4 Nd4 21.Nxd4 exd4 22.Nd3 Qc7 23.Re1 Bf5 24.Qd2 Bxd3 25.Qxd3
Qxf4 26.Qe4 Ne5 27.Re2 Nf3+ 28.Bxf3 Qxf3 29.Qxf3 Rxf3 30.Rae1
Rbf8 31.Kg2 R3f4 32.Kg3 h5 33.gxh6 Bxh6 34.Rf1 Bg7 35.f3 b5 36.Re6
R4f6 37.Rxf6 Bxf6 38.Rc1 b4 39.Re1 Kf7 40.Bc1 a5 41.Bg5 a4 0-1

[Event ""]
[Site ""]
[Date "????.??.??"]
[Round "6"]
[White "Êàìîâ Èãîðü"]
[Black "Íîâèöêèé Ëåîíèä"]
[Result "1/2-1/2"]
[WhiteElo "2253"]
[BlackElo "2113"]
[Annotator ""]
[Source ""]
[Remark ""]

1.d4 Nf6 2.c4 g6 3.Nc3 Bg7 4.Nf3 d6 5.Bf4 Nh5 6.Bg5 O-O 7.e3
c6 8.Be2 Qc7 9.O-O Nf6 10.h3 e5 11.Rc1 Nbd7 12.b4 a5 13.b5 a4
14.Nxa4 Ne4 15.Be7 Re8 16.b6 Nxb6 17.Bxd6 Nxd6 18.Nxb6 Qxb6 19.c5
Qc7 20.cxd6 Qxd6 21.dxe5 Qxd1 22.Rfxd1 Rxa2 23.Bc4 Ra4 24.Ng5
Be6 25.Nxe6 fxe6 26.Rd7 Rb4 27.f4 Bf8 28.Kf2 b5 29.Be2 c5 30.Rb7
c4 31.Rd1 Re7 32.Rb8 Kf7 33.Rdd8 Bg7 34.Rdc8 Rb3 35.Rc5 Bf8 36.Rbxb5
Rxb5 37.Rxb5 1/2-1/2

[Event ""]
[Site ""]
[Date "????.??.??"]
[Round "6"]
[White "Êîáà Èãîðü"]
[Black "Ñìèðíîâ Àëåêñàíäð"]
[Result "0-1"]
[WhiteElo "2242"]
[BlackElo "2108"]
[Annotator ""]
[Source ""]
[Remark ""]

1.e4 e6 2.d3 d5 3.Nd2 c5 4.Ngf3 Nc6 5.g3 Nf6 6.Bg2 Bd6 7.O-O
O-O 8.Re1 dxe4 9.dxe4 e5 10.c3 Bg4 11.Qc2 Qd7 12.Nc4 b5 13.Ne3
Bxf3 14.Bxf3 g6 15.Be2 Rab8 16.a4 a6 17.Rd1 Rfd8 18.Kg2 Qb7 19.f3
Bf8 20.axb5 axb5 21.Bd2 c4 22.b3 cxb3 23.Qxb3 b4 24.Bc4 bxc3
25.Qxb7 Rxb7 26.Bxc3 Nd4 27.Nd5 Nxd5 28.Bxd5 Rc7 29.Bxd4 exd4
30.Rac1 Rxc1 31.Rxc1 Rd7 32.f4 Bb4 33.Rc4 Bc3 34.Kf3 Kg7 35.Rc5
Ra7 36.Rc8 Ra3 37.Ke2 Ba5 38.Bc4 Re3+ 39.Kd1 d3 0-1

[Event ""]
[Site ""]
[Date "????.??.??"]
[Round "6"]
[White "Äàâûäÿíö Ýäóàðä"]
[Black "Ïðîñâèðíèí Ëåâ"]
[Result "1/2-1/2"]
[WhiteElo "2034"]
[BlackElo "2241"]
[Annotator ""]
[Source ""]
[Remark ""]

1.e4 c6 2.d3 d5 3.Nd2 g6 4.g3 Bg7 5.Bg2 e5 6.Ngf3 Ne7 7.O-O O-O
8.Re1 d4 9.h3 c5 10.Nc4 Nbc6 11.a4 b6 12.Nh2 Rb8 13.f4 f6 14.Nf3
a6 15.Bd2 b5 16.axb5 axb5 17.Na5 Qd6 18.Nxc6 Nxc6 19.Qe2 Bb7
20.Rf1 Ra8 21.Rxa8 Bxa8 22.h4 Nd8 23.Bh3 Bc6 24.h5 Be8 25.hxg6
hxg6 26.Nh4 Qc7 27.Qg4 exf4 28.Bxf4 Qc6 29.Nxg6 Rf7 30.Nh4 Bd7
31.Nf5 Bxf5 32.Qxf5 Re7 33.Bg4 Ne6 34.Rf2 Nf8 35.Rh2 Ra7 36.Bh6
c4 37.Be2 c3 38.b3 Ra1+ 39.Kf2 Ra2 40.Bd1 Ra7 41.Rh5 Bxh6 42.Rxh6
Nh7 43.Bh5 Rg7 44.Qf4 Rg5 45.Rg6+ Rxg6 46.Bxg6 Ng5 47.Bf5 Kg7
48.Qb8 Nf7 49.Qa7 Qd6 50.Qa1 Nh6 51.Qd1 Nf7 52.Qh5 Ng5 53.Qe8
b4 54.Qd7+ Qxd7 55.Bxd7 Kf7 1/2-1/2

[Event ""]
[Site ""]
[Date "????.??.??"]
[Round "6"]
[White "Êàðëñîí Âëàäèëåí"]
[Black "Ðàêîâ Àíàòîëèé"]
[Result "1-0"]
[WhiteElo "2227"]
[BlackElo "2074"]
[Annotator ""]
[Source ""]
[Remark ""]

1.e4 d5 2.exd5 Qxd5 3.Nc3 Qd6 4.d4 c6 5.Nf3 Nf6 6.Be2 Bf5 7.Ne5
Nbd7 8.Bf4 Nxe5 9.Bxe5 Qb4 10.Qc1 Nd7 11.a3 Qb6 12.Qf4 Bxc2 13.O-O
Nxe5 14.dxe5 e6 15.Rac1 Bg6 16.b4 a6 17.Rfd1 Be7 18.Bd3 Rd8 19.Bxg6
Rxd1+ 20.Rxd1 hxg6 21.g3 O-O 22.Rd7 g5 23.Qf3 Bd8 24.Ne4 f6 25.Nc5
Rf7 26.Rxf7 Kxf7 27.Qh5+ Ke7 28.Qg6 1-0

[Event ""]
[Site ""]
[Date "????.??.??"]
[Round "6"]
[White "Òðîôèìîâ Âëàäèìèð"]
[Black "Øóëàêîâà Ñâåòëàíà"]
[Result "1-0"]
[WhiteElo "2141"]
[BlackElo "2158"]
[Annotator ""]
[Source ""]
[Remark ""]

1.c4 c5 2.Nf3 Nf6 3.Nc3 d5 4.cxd5 Nxd5 5.d4 cxd4 6.Qxd4 Nxc3
7.Qxc3 Nc6 8.e4 e6 9.Bb5 Bd7 10.O-O f6 11.Rd1 Bb4 12.Qc4 Qe7
13.Be3 a6 14.Rxd7 Qxd7 15.Bxc6 Qxc6 16.Qxb4 Kf7 17.Rc1 Qd7 18.h3
Rac8 19.Rxc8 Rxc8 20.Nd4 b5 21.b3 e5 22.Nf5 Rc6 23.a4 g6 24.Nh6+
Kg7 25.axb5 axb5 26.Kh2 Ra6 27.Qc5 Rd6 28.Qa3 Rc6 29.Qa1 Rd6
30.b4 Rc6 31.Qa2 Rc4 32.Ng4 g5 33.Bc5 Qb7 34.f3 Qf7 35.Qd2 Qc7
36.Ne3 Rd4 37.Nf5+ Kg6 38.Nxd4 exd4+ 39.Kg1 1-0

[Event ""]
[Site ""]
[Date "????.??.??"]
[Round "6"]
[White "Ãðàíîâñêèé Àëåêñàíäð"]
[Black "Áóõàðèí Àíòîí"]
[Result "1-0"]
[WhiteElo "2356"]
[BlackElo "2033"]
[Annotator ""]
[Source ""]
[Remark ""]

1.d4 d5 2.c4 c6 3.Nf3 Nf6 4.e3 e6 5.Bd3 Nbd7 6.O-O Bd6 7.Nbd2
O-O 8.e4 dxe4 9.Nxe4 Nxe4 10.Bxe4 Nf6 11.Bc2 Be7 12.Bg5 b6 13.Qd3
g6 14.Ne5 Bb7 15.Qf3 Kg7 16.Rad1 Qc7 17.Qf4 Ng8 18.Bxe7 Qxe7
19.Be4 Rac8 20.c5 Nf6 21.b4 Rfd8 22.Rfe1 b5 23.Rd3 a6 24.Red1
Nh5 25.Qf3 Qc7 26.g4 Nf6 27.g5 Ng8 28.Qg2 Ne7 29.h4 Rf8 30.h5
Rcd8 31.Qh3 Rh8 32.h6+ Kf8 33.Qf3 Nf5 34.Ng4 a5 35.a3 axb4 36.axb4
Ra8 37.Nf6 Ra4 38.Bxf5 gxf5 39.Qe3 Ke7 40.Qe5 Qd8 41.d5 Qb8 42.dxc6
Rc8 43.Rd7+ Kf8 44.Nxh7+ 1-0

[Event ""]
[Site ""]
[Date "????.??.??"]
[Round "6"]
[White "Ìèøèí Àëåêñåé"]
[Black "Âûñîöêèé Àëåêñàíäð"]
[Result "1-0"]
[WhiteElo "2285"]
[BlackElo "2030"]
[Annotator ""]
[Source ""]
[Remark ""]

1.c4 Nf6 2.Nf3 g6 3.Nc3 Bg7 4.e4 d6 5.d4 O-O 6.Be3 Nbd7 7.h3
e5 8.d5 Ne8 9.g4 f5 10.gxf5 gxf5 11.exf5 Ndf6 12.Qc2 Nh5 13.Bd3
Nef6 14.Ng5 c6 15.Ne6 Bxe6 16.fxe6 cxd5 17.cxd5 Rc8 18.Rg1 Kh8
19.Qd2 Qa5 20.Nb5 Qxd2+ 21.Kxd2 Nxd5 22.Nxd6 Rc6 23.Nf7+ Kg8
24.Be4 Nhf6 25.Bxd5 Nxd5 26.Bh6 1-0

[Event ""]
[Site ""]
[Date "????.??.??"]
[Round "6"]
[White "Ìèõàéëîâ Âÿ÷åñëàâ"]
[Black "Óëÿøîâ Äìèòðèé"]
[Result "1/2-1/2"]
[WhiteElo "2043"]
[BlackElo "2256"]
[Annotator ""]
[Source ""]
[Remark ""]

1.e4 c5 2.Nf3 d6 3.Bb5+ Nd7 4.c4 e5 5.O-O g6 6.d3 Bg7 7.Nc3 Ne7
8.Ne1 O-O 9.f4 exf4 10.Bxf4 Ne5 11.Nf3 Bg4 12.Bxe5 Bxe5 13.Qd2
Bg7 14.Qf4 Bxf3 15.Rxf3 Nc6 16.Bxc6 bxc6 17.Raf1 Rb8 18.Nd1 a5
19.b3 a4 20.bxa4 Ra8 21.Ne3 Rxa4 22.Ng4 Rxa2 23.Nh6+ Bxh6 24.Qxh6
f6 25.h4 Qe7 26.h5 Qg7 27.Qf4 Qe7 28.hxg6 hxg6 29.Rh3 Raa8 30.Qh2
Qe5 31.Rh8+ Kf7 32.Rh7+ Ke8 33.Qh3 f5 34.Qh6 Ra1 35.Qxg6+ Kd8
36.Rxa1 Qxa1+ 37.Kh2 Qe5+ 38.Qg3 Rh8 39.Rh3 f4 40.Rxh8+ Qxh8+
41.Qh3 Qe5 1/2-1/2

[Event ""]
[Site ""]
[Date "????.??.??"]
[Round "?"]
[White "Ãàëèåâ Àçàò"]
[Black "Îáðåç÷èêîâ Ìèõàèë"]
[Result "1-0"]
[WhiteElo "2200"]
[BlackElo "1992"]
[Annotator ""]
[Source ""]
[Remark ""]

1.e4 e6 2.d4 d5 3.exd5 exd5 4.Bd3 Bd6 5.Qf3 c6 6.Ne2 Ne7 7.Bf4
O-O 8.Nd2 Bxf4 9.Qxf4 Nd7 10.g4 Ng6 11.Qg3 Nf6 12.f3 Re8 13.O-O-O
a5 14.h4 a4 {%02 çàïèñü íåðàçáîð÷èâà} 1-0

[Event ""]
[Site ""]
[Date "????.??.??"]
[Round "6"]
[White "Ïîïåëûøåâ Èãîðü"]
[Black "Ñêóðàòîâè÷ ßêîâ"]
[Result "1-0"]
[WhiteElo "2190"]
[BlackElo "1990"]
[Annotator ""]
[Source ""]
[Remark ""]

1.f4 e5 2.e4 d5 3.exd5 exf4 4.Nf3 Nf6 5.Bb5+ Bd7 6.Bc4 Bd6 7.Qe2+
Qe7 8.Qxe7+ Kxe7 9.O-O Re8 10.d4 Ng4 11.Nc3 Kf8 12.Ne2 Bf5 13.Nxf4
Bxc2 14.Ne5 Nxe5 15.dxe5 Rxe5 16.Ne6+ Ke7 17.Bg5+ Kd7 18.Rxf7+
Ke8 19.Raf1 1-0

[Event ""]
[Site ""]
[Date "????.??.??"]
[Round "6"]
[White "Ñèäîðîâ Êèðèëë"]
[Black "Ñåìåíåíêî Ñåðãåé"]
[Result "0-1"]
[WhiteElo "1977"]
[BlackElo "2173"]
[Annotator ""]
[Source ""]
[Remark ""]

1.d4 Nf6 2.c4 e6 3.Nc3 Bb4 4.a3 Bxc3+ 5.bxc3 Nc6 6.e3 b6 7.Bd3
Ba6 8.e4 Na5 9.e5 Ng8 10.Qg4 Kf8 11.Nh3 Bxc4 12.Bxc4 Nxc4 13.O-O
h6 14.f4 g6 15.Qf3 d5 16.g4 Ne7 17.Kh1 Qd7 18.Ng1 Kg7 19.Ne2
Raf8 20.Ng3 f5 21.h3 Kf7 22.Ra2 Ke8 23.Qd1 fxg4 24.hxg4 h5 25.gxh5
Nf5 26.Qg4 Nxg3+ 27.Qxg3 Rxh5+ 28.Rh2 Qh7 29.Kg2 Rh8 30.Rfh1
Rxh2+ 31.Rxh2 Qxh2+ 32.Qxh2 Rxh2+ 33.Kxh2 c5 34.Kg3 cxd4 35.cxd4
b5 36.Kf3 a5 37.Ke2 Kd7 38.Kd3 b4 39.axb4 axb4 40.Kc2 Kc6 0-1

[Event ""]
[Site ""]
[Date "????.??.??"]
[Round "6"]
[White "Íèêèòèí Àëåêñàíäð"]
[Black "Áðóÿöêèé Åâãåíèé"]
[Result "0-1"]
[WhiteElo "1932"]
[BlackElo "2168"]
[Annotator ""]
[Source ""]
[Remark ""]

1.e4 c5 2.Nf3 d6 3.d4 cxd4 4.Nxd4 Nf6 5.Nc3 g6 6.Be3 Bg7 7.f3
O-O 8.Bc4 Nc6 9.Qd2 Bd7 10.O-O-O Qa5 11.g4 Ne5 12.Bb3 Rfc8 13.Nd5
Qxd2+ 14.Rxd2 Kf8 15.Bg5 Nxd5 16.exd5 a5 17.a3 b5 18.Re1 h6 19.Bh4
g5 20.Bf2 b4 21.a4 Nc4 22.Rde2 Bf6 23.Re4 Ne5 24.Kb1 Rc7 25.h4
gxh4 26.Rh1 Ng6 27.Ne2 Bg5 28.Rg1 f5 29.gxf5 Bxf5 30.Rc4 Rxc4
31.Bxc4 Kf7 32.Nd4 Bd7 33.Bb5 Bxb5 34.Nxb5 Ne5 35.Rf1 Kg6 36.Nc7
Rf8 37.Bb6 Nc4 38.Ne6 Rf5 39.Rg1 Nxb6 40.f4 Nxd5 41.fxg5 hxg5 0-1

[Event ""]
[Site ""]
[Date "????.??.??"]
[Round "6"]
[White "Ïðîõîðîâ Ñåðãåé"]
[Black "Ñîòíèêîâ Ìàêñèì"]
[Result "1/2-1/2"]
[WhiteElo "2168"]
[BlackElo "1979"]
[Annotator ""]
[Source ""]
[Remark ""]

1.d4 d5 2.c4 c6 3.Nf3 Nf6 4.Nc3 e6 5.e3 Nbd7 6.Qc2 Bd6 7.b3 Qe7
8.Bd3 b6 9.O-O Bb7 10.e4 dxe4 11.Nxe4 Nxe4 12.Bxe4 Nf6 13.Bd3
h6 14.Nd2 c5 15.d5 exd5 16.cxd5 O-O 17.Ne4 Nxe4 18.Bxe4 Qe5 19.g3
Bxd5 20.Bf4 Qxe4 21.Qxe4 Bxe4 22.Bxd6 Rfd8 23.Rad1 Bf3 24.Rd2
Rd7 25.Bf4 Rxd2 26.Bxd2 Rd8 27.Be3 f6 28.h3 h5 29.Rc1 Kf7 30.Kf1
Ke6 31.Ke1 Rd3 32.Bd2 Bb7 33.Rc3 Rd5 34.Re3+ Kd7 1/2-1/2

[Event ""]
[Site ""]
[Date "????.??.??"]
[Round "6"]
[White "Ìàëûãèí Àëåêñàíäð"]
[Black "Áàáàõèí Àíòîí"]
[Result "1-0"]
[WhiteElo "2164"]
[BlackElo "1974"]
[Annotator ""]
[Source ""]
[Remark ""]

1.e4 e5 2.Nf3 Nc6 3.Bc4 Bc5 4.O-O Nf6 5.d3 O-O 6.c3 Bb6 7.h3
h6 8.Re1 Re8 9.Bb3 d5 10.exd5 Nxd5 11.d4 e4 12.Nh2 Nf6 13.Nf1
Bf5 14.Ng3 Bg6 15.Nd2 Re7 16.Bc2 Qe8 17.Nc4 Nd5 18.a4 a5 19.Bb3
Rd8 20.Qg4 Kh8 21.Qh4 Kg8 22.Bd2 Nxd4 23.cxd4 Bxd4 24.Be3 Bf6
25.Qg4 b6 26.Red1 Red7 27.Rab1 Qe7 28.Bc2 Qb4 29.Nxe4 Nxe3 30.Nxf6+
gxf6 31.Nxe3 Rxd1+ 32.Rxd1 Rxd1+ 33.Qxd1 1-0

[Event ""]
[Site ""]
[Date "????.??.??"]
[Round "6"]
[White "Áàðàíîâ Ðîìàí"]
[Black "Ðàêîâ Ìèõàèë"]
[Result "1/2-1/2"]
[WhiteElo "2142"]
[BlackElo "1912"]
[Annotator ""]
[Source ""]
[Remark ""]

1.e4 c6 2.d3 d5 3.Nd2 dxe4 4.dxe4 g6 5.Ngf3 Nf6 6.Bc4 Bg7 7.O-O
O-O 8.h3 b5 9.Bb3 c5 10.c3 e6 11.Qe2 Qc7 12.Re1 c4 13.Bc2 Bb7
14.Nf1 Nc6 15.Bg5 h6 16.Bh4 e5 17.Ne3 Ne7 18.Bxf6 Bxf6 19.Rad1
Rad8 1/2-1/2

[Event ""]
[Site ""]
[Date "????.??.??"]
[Round "6"]
[White "Øèòîâ ßðîñëàâ"]
[Black "Áëîõèíà Ýëüâèðà"]
[Result "1-0"]
[WhiteElo "2130"]
[BlackElo "1962"]
[Annotator ""]
[Source ""]
[Remark ""]

1.e4 c5 2.c3 d5 3.exd5 Qxd5 4.d4 Nc6 5.Nf3 Bg4 6.Be2 cxd4 7.cxd4
e6 8.Nc3 Qa5 9.O-O Nf6 10.Bf4 Be7 11.Nb5 O-O 12.Bc7 b6 13.a3
Nd5 14.b4 Ncxb4 15.axb4 Qxb4 16.Rb1 Qa5 17.Ra1 Qb4 18.Ne5 Nxc7
19.Nxc7 Bxe2 20.Qxe2 Rac8 21.Nc6 Qd6 22.Nxe7+ Qxe7 23.Nd5 Qd6
24.Ne3 a5 25.Rfd1 Rfd8 26.Qb5 Rc6 27.Rab1 Qc7 28.d5 Rcd6 29.dxe6
Rxe6 30.Rxd8+ Qxd8 31.g3 g6 32.Nd5 Re5 33.Rd1 a4 34.Qxb6 Qa8
35.Qd4 Rf5 36.Nf6+ Kg7 37.Nh5+ Kh6 38.Qg7+ Kxh5 39.Qxh7+ Kg4
40.Qh4+ Kf3 41.Rd3+ Ke2 42.Re3+ 1-0

[Event ""]
[Site ""]
[Date "????.??.??"]
[Round "6"]
[White "Ìûøêèí Íèêèòà"]
[Black "Àðàêåëîâ Èëüÿ"]
[Result "0-1"]
[WhiteElo "2050"]
[BlackElo "2369"]
[Annotator ""]
[Source ""]
[Remark ""]

1.d4 Nf6 2.c4 c5 3.d5 b5 4.cxb5 a6 5.b6 Qxb6 6.Nc3 d6 7.e4 g6
8.Nf3 Bg4 9.Be2 Nbd7 10.Nd2 Bxe2 11.Qxe2 Bg7 12.O-O O-O 13.Nc4
Qc7 14.f4 Nb6 15.Nxb6 Qxb6 16.e5 Nd7 17.e6 Bd4+ 18.Kh1 Nf6 19.f5
Kg7 20.Bg5 Rab8 21.Qd2 Qxb2 22.Bh6+ Kg8 23.Qxb2 Rxb2 24.Bxf8
Kxf8 25.Rac1 gxf5 26.exf7 Kxf7 27.h3 Kg6 28.Rfe1 Bxc3 29.Rxc3
Nxd5 30.Ra3 Rb6 31.Rd1 e6 32.Rg3+ Kf7 33.Rf3 c4 34.g4 f4 35.g5
Kg6 36.Rxd5 exd5 37.Rxf4 Kxg5 0-1

[Event ""]
[Site ""]
[Date "????.??.??"]
[Round "6"]
[White "Äåìèäîâ Àëåêñàíäð"]
[Black "Áðóÿöêàÿ Ìàðèÿ"]
[Result "1-0"]
[WhiteElo "2261"]
[BlackElo "2045"]
[Annotator ""]
[Source ""]
[Remark ""]

1.e4 c6 2.d3 d5 3.Nd2 e5 4.Ngf3 Bd6 5.g3 Nf6 6.Bg2 dxe4 7.dxe4
O-O 8.O-O Be6 9.h3 h6 10.Qe2 Qe7 11.Nc4 b5 12.Nxd6 Qxd6 13.b3
Nfd7 14.Bb2 a6 15.Rad1 Qc7 16.Qd2 c5 17.Qd6 Qxd6 18.Rxd6 a5 19.Nxe5
Nxe5 20.Bxe5 Na6 21.Rd2 c4 22.f4 f6 23.Bd6 Rad8 24.Rfd1 Rfe8
25.e5 c3 26.Re2 fxe5 27.fxe5 Kh8 28.Bc6 Rg8 29.Bxb5 Nc7 30.Bc4
Rde8 31.Re3 Bxc4 32.bxc4 Ne6 33.c5 Rc8 34.Rxc3 Rc6 1-0

[Event ""]
[Site ""]
[Date "????.??.??"]
[Round "6"]
[White "Ñóäàðåâ Îëåã"]
[Black "Ìóëåíêî Àëåêñàíäð"]
[Result "1/2-1/2"]
[WhiteElo "2009"]
[BlackElo "2201"]
[Annotator ""]
[Source ""]
[Remark ""]

1.e4 c5 2.Nf3 g6 3.d4 Bg7 4.Bc4 cxd4 5.Nxd4 Nc6 6.Be3 Nf6 7.Nc3
O-O 8.O-O d6 9.h3 Bd7 10.Bb3 Rc8 11.Qd2 Na5 12.Bh6 Nc4 13.Bxc4
Rxc4 14.Bxg7 Kxg7 15.Rfe1 Qb6 16.Nb3 Qc7 17.Rac1 b5 18.Nd5 Nxd5
19.exd5 e5 20.c3 Ra4 21.a3 Qc4 22.Na1 Qh4 23.Nc2 Rc4 24.Ne3 Rc5
25.Nf1 f5 26.Kh2 f4 27.f3 Rf5 28.Re2 Rh5 29.Qe1 Qd8 30.Rd2 Qc8
31.Kg1 a5 32.Qe2 Rg5 33.Kh2 Rf5 34.Rdc2 Rf7 35.c4 Bf5 36.Rc3
bxc4 37.Rxc4 Rfc7 38.Nd2 Kf6 39.b4 axb4 40.axb4 Rxc4 41.Rxc4
Rxc4 42.Qxc4 Qxc4 43.Nxc4 Ke7 44.Nb2 1/2-1/2

[Event ""]
[Site ""]
[Date "????.??.??"]
[Round "6"]
[White "Íåôåäîâ Ñåðãåé"]
[Black "Äîëãîâà Òàìàðà"]
[Result "1-0"]
[WhiteElo "2170"]
[BlackElo "1907"]
[Annotator ""]
[Source ""]
[Remark ""]

1.d4 d5 2.Nf3 e6 3.c4 c5 4.cxd5 exd5 5.Nc3 Nf6 6.Bg5 c4 7.e4
dxe4 8.Ne5 Bb4 9.Qa4+ Nc6 10.Nxc6 Bxc3+ 11.bxc3 bxc6 12.Bxf6
gxf6 13.Qxc6+ Bd7 14.Qxe4+ Kf8 15.Bxc4 Rc8 16.Bb3 Bb5 17.Kd2
Rg8 18.Qxh7 Rg7 19.Qh8+ Rg8 20.Qh6+ Rg7 21.Rae1 Kg8 22.Re3 f5
23.Rg3 1-0

[Event ""]
[Site ""]
[Date "????.??.??"]
[Round "6"]
[White "Ëîøàêîâ Äìèòðèé"]
[Black "Êîòîâ Äìèòðèé"]
[Result "0-1"]
[WhiteElo "2001"]
[BlackElo "2165"]
[Annotator ""]
[Source ""]
[Remark ""]

1.d4 d5 2.Bg5 c5 3.c3 cxd4 4.cxd4 Qb6 5.b3 Nc6 6.Nf3 Bf5 7.e3
e6 8.Bd3 Bxd3 9.Qxd3 Nb4 10.Qd2 f6 11.Bf4 g5 12.Bg3 g4 13.Nh4
Qa6 14.Qe2 Qxe2+ 15.Kxe2 Nc2 16.Nc3 Nxa1 17.Rxa1 Kd7 18.f3 Rc8
19.Kd3 Bb4 20.Be1 Nh6 21.e4 gxf3 22.Nxf3 0-1

[Event ""]
[Site ""]
[Date "????.??.??"]
[Round "6"]
[White "Ãâàíöåëàäçå Àííà"]
[Black "Ëàçàðåâ Àíàòîëèé"]
[Result "1-0"]
[WhiteElo "2017"]
[BlackElo "2133"]
[Annotator ""]
[Source ""]
[Remark ""]

1.e4 Nf6 2.e5 Nd5 3.d4 d6 4.Nf3 Bg4 5.Be2 Nc6 6.c4 Nb6 7.exd6
exd6 8.O-O Be7 9.b3 O-O 10.Nc3 Re8 11.Be3 Bf6 12.Qd2 a5 13.Rad1
Nb4 14.a3 Nc6 15.Rfe1 h6 16.Qd3 a4 17.d5 Bxf3 18.gxf3 Ne5 19.Qc2
axb3 20.Qxb3 Nbd7 21.Kh1 b6 22.Rg1 Kh8 23.f4 Ng6 24.Bd3 Ngf8
25.Ne4 Nc5 26.Nxc5 bxc5 27.Bc2 Qd7 28.Qd3 Reb8 29.Bc1 Bd4 30.Qg3
g6 31.Rg2 Re8 32.Rdg1 Re7 33.Qh4 Nh7 34.Qh5 Rf8 35.Bf5 Qe8 36.Qg4
g5 37.Be6 Qa4 38.Qh5 Qxc4 39.Qxh6 1-0

[Event ""]
[Site ""]
[Date "????.??.??"]
[Round "6"]
[White "Ñàäûêîâ Ðóñòåì"]
[Black "Óëÿøåâ Íèêîëàé"]
[Result "0-1"]
[WhiteElo "2121"]
[BlackElo "1716"]
[Annotator ""]
[Source ""]
[Remark ""]

1.d4 Nf6 2.c4 g6 3.Nc3 Bg7 4.e4 d6 5.f3 O-O 6.Be3 Nbd7 7.Qd2
c5 8.d5 a6 9.Nh3 Rb8 10.a4 Qa5 11.Nf2 Ne5 12.Bd3 Nxd3+ 13.Nxd3
b5 14.cxb5 axb5 15.O-O b4 16.Ne2 Ba6 17.Rfc1 Nd7 18.Ra2 Bxd3
19.Qxd3 b3 20.Ra3 Bxb2 21.Rxb3 Bxc1 22.Nxc1 Rxb3 0-1

[Event ""]
[Site ""]
[Date "????.??.??"]
[Round "6"]
[White "Ñèìàãèí Ìàêñèì"]
[Black "Êîíîâàëîâ Âÿ÷åñëàâ"]
[Result "0-1"]
[WhiteElo "1997"]
[BlackElo "2068"]
[Annotator ""]
[Source ""]
[Remark ""]

1.d4 d5 2.Bg5 c5 3.e3 Nc6 4.c3 Qb6 5.Qd2 Bf5 6.Nf3 Nf6 7.Bxf6
gxf6 8.g3 h5 9.Bg2 e6 10.O-O Be4 11.h4 O-O-O 12.dxc5 Bxc5 13.b4
Be7 14.a4 f5 15.Qe2 Bf6 16.Ra3 Qc7 17.Nbd2 Rdg8 18.Rc1 Ne5 19.Nxe4
Nxf3+ 20.Qxf3 dxe4 21.Qe2 Rh6 22.Kh1 Bxh4 23.gxh4 Rhg6 24.f4
Qe7 25.Qf2 Rxg2 26.Qxg2 Rxg2 27.Kxg2 Qxh4 28.c4 Qg4+ 29.Kf2 Qf3+
30.Ke1 h4 31.Kd2 Qf2+ 32.Kc3 Qxe3+ 33.Kb2 Qxf4 34.c5 e3 35.b5
e2 0-1

[Event ""]
[Site ""]
[Date "????.??.??"]
[Round "6"]
[White "Êàìàøåâà Ýëüâèðà"]
[Black "Ëóãîâîé Äìèòðèé"]
[Result "1/2-1/2"]
[WhiteElo "1973"]
[BlackElo "2066"]
[Annotator ""]
[Source ""]
[Remark ""]

1.e4 b6 2.d4 e6 3.a3 Bb7 4.Nc3 Nf6 5.f3 d5 6.e5 Nfd7 7.Be3 c5
8.Nge2 Nc6 9.f4 Ba6 10.g3 Nxd4 11.Nxd4 cxd4 12.Bxd4 Bxf1 13.Rxf1
Bc5 14.Qd3 O-O 15.O-O-O a6 16.h4 Qc7 17.h5 Bxd4 18.Qxd4 Qc5 19.g4
Rac8 20.Qd3 b5 21.Qd4 a5 22.Qxc5 Rxc5 23.Ne2 Nb6 24.Nd4 Nc4 25.Rd3
b4 26.a4 Nb6 27.b3 Nd7 28.Re1 Re8 29.Kb2 Nb8 30.Ree3 Nc6 31.Nb5
Re7 32.g5 Na7 33.Nd4 Nc6 34.Nb5 Na7 1/2-1/2

[Event ""]
[Site ""]
[Date "????.??.??"]
[Round "6"]
[White "Àáäðàõìàíîâ Ðàìèñ"]
[Black "Äåðáåíöåâà Èðèíà"]
[Result "1/2-1/2"]
[WhiteElo "1855"]
[BlackElo "2053"]
[Annotator ""]
[Source ""]
[Remark ""]

1.e4 e5 2.Nf3 Nc6 3.Bc4 Nf6 4.d3 Be7 5.c3 O-O 6.O-O d6 7.Nbd2
Na5 8.Bb5 a6 9.Ba4 b5 10.Bc2 c5 11.Re1 Qc7 12.Nf1 Rd8 13.Ng3
h6 14.Bd2 Nc6 15.b4 Be6 16.Bb3 d5 17.exd5 Bxd5 18.bxc5 Bxc5 19.Qe2
Qd6 20.Ne4 Nxe4 21.dxe4 Bxb3 22.axb3 Qd3 23.Be3 Bxe3 24.Qxe3
Qxe3 25.Rxe3 a5 26.Kf1 a4 27.bxa4 bxa4 28.c4 Ra5 29.Rea3 Rda8
30.Ke2 f6 31.Kd3 Kf7 32.Kc3 h5 33.Ne1 Nd8 34.Nd3 Ne6 35.Nb2 Nc5
36.f3 Nb3 37.R1a2 Nc1 38.Ra1 Nb3 39.R1a2 1/2-1/2

[Event ""]
[Site ""]
[Date "????.??.??"]
[Round "6"]
[White "Àíèñèìîâ Íèêîëàé"]
[Black "Áî÷êîâ Àðòåì"]
[Result "1/2-1/2"]
[WhiteElo "2257"]
[BlackElo "1969"]
[Annotator ""]
[Source ""]
[Remark ""]

1.e4 d6 2.d4 g6 3.c4 Bg7 4.Nf3 Nf6 5.Nc3 O-O 6.Be2 e5 7.O-O Nc6
8.d5 Ne7 9.Ne1 Nd7 10.f4 f5 11.Nd3 exf4 12.Nxf4 Nc5 13.exf5 Nxf5
14.Nh3 Qf6 15.Bg5 Qd4+ 16.Kh1 Qxd1 17.Raxd1 Bd7 18.Nf2 Rae8 19.Bf3
Nd4 20.Nd3 Nxf3 21.Rxf3 Rxf3 22.gxf3 Nxd3 23.Rxd3 Bxc3 1/2-1/2